| 000 | 00439cam a2200157ua 4500 | ||
|---|---|---|---|
| 003 | OSt | ||
| 008 | 240213b |||||||| |||| 00| 0 eng d | ||
| 041 | _aeng | ||
| 082 |
_a532 _bEVE/FL |
||
| 100 |
_aEvett, Jack B ;. _96030 |
||
| 245 | _a2500 solved problems in fluid mechanics and hydraulics / | ||
| 260 |
_aNew Delhi : _bTata Mc-Graw Hill Publishing Company , _c2004. |
||
| 300 | _a ; . | ||
| 700 | 1 |
_aLiu, Ching . _96031 |
|
| 942 | _cBK | ||
| 999 |
_c12970 _d12970 |
||